00390nam a2200121 a 450000500170000000800410001705000230005810000210008124500560010226000550015844000320021365000230024520140414132104.0100823s19uu xx 00 eng d aTR 428.2bAr2 2005 aArcellana, Lydia aBe your own english teacher! :bOral communication. aManila, Philippines :bMiflores Publishing,c2004. aThe Miflores English Series aOral communication